000 00843cam a22002413a 4500
001 14004
003 PGUSA
005 20140828083312.0
008 041110s2004||||xxu|||||s|||||000 | eng d
040 _aPGUSA
_beng
042 _adc
050 4 _aE456
100 1 _aBrowne, Francis F.
_q(Francis Fisher),
_d1843-1913
245 1 4 _aThe Every-day Life of Abraham Lincoln :
_bA Narrative And Descriptive Biography With Pen-Pictures And Personal Recollections By Those Who Knew Him
_h[electronic resource] /
_cFrancis F. Browne
260 _bProject Gutenberg,
_c2004
506 _aPublic domain in the USA.
516 _aElectronic text
653 _aPresidents -- United States -- Biography
653 _aLincoln, Abraham, 1809-1865
830 0 _aProject Gutenberg
_v14004
856 4 0 _uhttp://www.gutenberg.org/ebooks/14004
942 _cEB
999 _c243259
_d243259